| 000 | 006430000a22002050004500 | ||
|---|---|---|---|
| 003 | LK-CoMWRAF | ||
| 005 | 20231106185112.0 | ||
| 008 | 230817t2003 ||||| |||| 00| 0 eng d | ||
| 020 | _a9558698016 | ||
| 040 |
_aLK-CoMWRAF _dLK-CoMWRAF _eLK-CoMWRAF |
||
| 041 | _aeng | ||
| 082 |
_a305.42 _bELE |
||
| 100 | _aElek, Sophia | ||
| 245 |
_aChoosing Rice Over Risk: _bRights,Resettlement and Displaced Women |
||
| 260 |
_aColombo: _bCentre for the Study of Human Rights, _c2003 |
||
| 300 |
_a129 p. ; 23 cm. _bBibliography included |
||
| 650 | _aDISPLACED HOMEMAKERS-- Sri Lanka | ||
| 650 | _aWomen -- Sri Lanka -- Social conditions | ||
| 942 | _cBK | ||
| 999 |
_c728 _d728 |
||